000 00510nam a22001937a 4500
003 KOHA_MİRAKIL
005 20250930142220.0
008 250930b tu ||||| |||| 00| 0 tur d
020 _a9789755336817
040 _aTR-AnABB
_btur
_cTR-AnABB
041 _atur
082 _a813
_bYAZ 2011
100 1 _aYazgan, Ayla,
245 1 0 _aYaşam yolu /
_cAyla Yazgan
260 _aAnkara :
_bİmge Kitapevi,
_c2011
300 _a335 sayfa ;
_c20 cm
650 0 4 _aTürk edebiyatı, roman
942 _2ddc
_cBK
999 _c8974
_d8974
900 _bGizem YORULMAZ